000 00281nam a22001337a 4500
008 170605b xxu||||| |||| 00| 0 eng d
020 _a9780760311165
041 _aeng
080 _a93
100 _a18
101 _aSHH
245 _aEASTERN FRONT
_cFOWLER, W
942 _2udc
_cBK
999 _c15965
_d15965